| 000 | 01231cam a2200277 a 4500 | ||
|---|---|---|---|
| 001 | 1162516 | ||
| 003 | MUT | ||
| 005 | 20240606080908.0 | ||
| 008 | 960423s1996 nyua 001 0 eng | ||
| 010 | _a 96022385 | ||
| 020 | _a0442022999 (alk. paper) | ||
| 040 |
_aDLC _cDLC _dDLC |
||
| 050 | 0 | 0 |
_aTK5105.5 _b.R3723 1996 |
| 082 | 0 | 0 |
_a004.6 _220 |
| 100 | 1 | _aReed, Kenneth. | |
| 245 | 1 | 0 |
_aData network handbook : _ban interactive guide to network architecture and operations / |
| 260 |
_aNew York : _bVan Nostrand Reinhold, _cc1996. |
||
| 300 |
_aviii, 391 p. : _bill. ; _c25 cm. + _e1 computer laser optical disc (4 3/4 in.) |
||
| 500 | _aIncludes index. | ||
| 538 | _aSystem requirements for accompanying computer disc: Microsoft Windows version 3.1 or later; Macintosh running System Software version 6.0.5 or later; 20 Megabytes of hard disk space (this assumes you are running DNH Software from your hard drive). | ||
| 650 | 0 | _aComputer networks. | |
| 650 | 0 | _aComputer network architectures. | |
| 906 |
_a7 _bcbc _corignew _d1 _eocip _f19 _gy-gencatlg |
||
| 942 |
_2lcc _cBK |
||
| 999 |
_c3134 _d3134 |
||